| 000 | 00733nam a2200229Ia 4500 | ||
|---|---|---|---|
| 001 | 15708 | ||
| 003 | GE_BSU | ||
| 008 | 181216s||||||||xx |||||||||||||| ||und|| | ||
| 040 | _cGE_BSU | ||
| 080 | _a821.353.1-32 | ||
| 100 | _aწერეთელი, ა. (აკაკი, 1840-1915) | ||
| 245 | _aბაში-აჩუკი | ||
| 245 | _bმოთხრობა | ||
| 245 | _cრედ.ნ.კალანდარიშვილი. მხ. მ.თუშმალიშვილი | ||
| 260 | _aთბილისი | ||
| 260 | _bსაბლიტგამი | ||
| 260 | _c1954 | ||
| 300 | _a80 გვ. ; 20 სმ. | ||
| 653 | _aბაში-აჩუკი | ||
| 653 | _aმოთხრობა | ||
| 942 | _cBK | ||
| 999 |
_c48806 _d48806 |
||